000 00363nam a22001577a 4500
003 OSt
008 250529b |||||||| |||| 00| 0 eng d
020 _a9788195326495
100 _aSATYANAND, Swami
245 _aShreemadyanand Prakash
250 _a1st
260 _aNew Delhi
_bArya Prakashan
_c2023
300 _a408
650 _aGeneral
942 _2ddc
_cBK
999 _c13604
_d13604